LEADER 01186nam0-22002891i-450- 001 990001725980403321 005 20060310155102.0 035 $a000172598 035 $aFED01000172598 035 $a(Aleph)000172598FED01 035 $a000172598 100 $a20030910d1968----km-y0itay50------ba 101 0 $aita 200 1 $aAtti del convegno su situazione e prospettive della cotonicoltura italiana in base alle nuove tecniche di coltivazione$ePalermo, Fiera del Mediterraneo, 30 ottobre 1968$fCentro Studi per il Cotone Italiano 210 $aPalermo$cCentro Studi per il Cotone Italiano$d1968 215 $a189 p.$d24 cm 610 0 $aCotone 676 $a633.51 710 12$aConvegno su situazione e prospettive della cotonicoltura italiana in base alle nuove tecniche di coltivazione$f<1968 ;$ePalermo>$074635 712 02$aCentro studi per il cotone italiano$c 801 0$aIT$bUNINA$gRICA$2UNIMARC 901 $aBK 912 $a990001725980403321 952 $a60 633.51 B 9$b41714$fFAGBC 959 $aFAGBC 996 $aAtti del convegno su situazione e prospettive della cotonicoltura italiana in base alle nuove tecniche di coltivazione$9359855 997 $aUNINA LEADER 02194nam 2200517z- 450 001 9910557421203321 005 20211118 035 $a(CKB)5400000000043482 035 $a(oapen)https://directory.doabooks.org/handle/20.500.12854/73123 035 $a(oapen)doab73123 035 $a(EXLCZ)995400000000043482 100 $a20202111d2019 |y 0 101 0 $aeng 135 $aurmn|---annan 181 $ctxt$2rdacontent 182 $cc$2rdamedia 183 $acr$2rdacarrier 200 00$aUnderstanding Wine Microbiota: Challenges and Opportunities 210 $cFrontiers Media SA$d2019 215 $a1 online resource (168 p.) 311 08$a9782889459599 311 08$a2889459594 330 $aThis eBook is a collection of articles from a Frontiers Research Topic. Frontiers Research Topics are very popular trademarks of the Frontiers Journals Series: they are collections of at least ten articles, all centered on a particular subject. With their unique mix of varied contributions from Original Research to Review Articles, Frontiers Research Topics unify the most influential researchers, the latest key findings and historical advances in a hot research area! Find out more on how to host your own Frontiers Research Topic or contribute to one as an author by contacting the Frontiers Editorial Office: frontiersin.org/about/contact 517 $aUnderstanding Wine Microbiota 606 $aMedical microbiology & virology$2bicssc 606 $aMicrobiology (non-medical)$2bicssc 606 $aScience: general issues$2bicssc 610 $aadaptation 610 $aAroma compound 610 $aBrettanomyces 610 $aFermentation 610 $ainteractions 610 $aMetabolism 610 $aMicrobial Diversity 610 $aSaccharomyces 610 $aWine 610 $ayeast 615 7$aMedical microbiology & virology 615 7$aMicrobiology (non-medical) 615 7$aScience: general issues 702 $aBisson$b Linda F$4edt 702 $aLonvaud-Funel$b Aline$4oth 906 $aBOOK 912 $a9910557421203321 996 $aUnderstanding Wine Microbiota: Challenges and Opportunities$94299854 997 $aUNINA